LEADER 00967nam a2200289 i 4500 001 991000853019707536 005 20020507102329.0 008 960325s1977 it ||| | ita 035 $ab10138717-39ule_inst 035 $aLE00637953$9ExL 040 $aDip.to Fisica$bita 084 $a621.3.2.4 084 $a621.3.9.2 084 $a621.3.9.8 084 $a621.381 100 1 $aSchanz, G.w.$0461353 245 10$aCircuiti logici con transistori /$cJ.P. Korthals Altes, G.W. Schanz 260 $aBologna :$bEdizioni CELI,$c1977 300 $axiii, 207 p. :$bill. ;$c24 cm. 650 4$aElettronica 700 1 $aKorthals-Altes, C.P. 907 $a.b10138717$b21-09-06$c27-06-02 912 $a991000853019707536 945 $aLE006 621.3.9 KOR$g1$i2006000050623$lle006$o-$pE0.00$q-$rl$s- $t0$u0$v0$w0$x0$y.i10164595$z27-06-02 996 $aCircuiti logici con transistori$9185533 997 $aUNISALENTO 998 $ale006$b01-01-96$cm$da $e-$fita$git $h0$i1 LEADER 00937nam0 22002651i 450 001 UON00231492 005 20231205103504.374 100 $a20030730d1979 |0itac50 ba 101 $aeng 102 $aGB 105 $a|||| ||||| 200 1 $a Pythagoras$ea life$fPeter Gorman 210 $aLondon$cRoutledge & Kegan Paul$d1979 215 $a216 p.$d21 cm. 606 $aPITAGORA BIOGRAFIA$3UONC051157$2FI 620 $aGB$dLondon$3UONL003044 676 $a182.2$cFilosofia pitagorica$v21 700 1$aGORMAN$bPeter$3UONV140325$0187842 712 $aRoutledge & K. Paul$3UONV246770$4650 801 $aIT$bSOL$c20240220$gRICA 899 $aSIBA - SISTEMA BIBLIOTECARIO DI ATENEO$2UONSI 912 $aUON00231492 950 $aSIBA - SISTEMA BIBLIOTECARIO DI ATENEO$dSI FS 02662 $eSI LO 17032 5 996 $aPythagoras$9537339 997 $aUNIOR LEADER 01497ojm 2200277z- 450 001 9910164243103321 005 20251118111239.0 010 $a1-5159-9875-4 035 $a(CKB)3710000001057249 035 $a(BIP)060405872 035 $a(ODN)ODN0003177166 035 $a(EXLCZ)993710000001057249 100 $a20231107c2017uuuu -u- - 101 0 $aeng 200 10$aWedding Tree 210 $cTantor Audio 330 8 $aHope Stevens thinks Wedding Tree, Louisiana, will be the perfect place to sort out her life and all the mistakes she's made. Plus, it will give her the chance to help her free-spirited grandmother, Adelaide, sort through her things before moving into assisted living.Spending the summer in the quaint town, Hope begins to discover that Adelaide has made some mistakes of her own. And as they go through her belongings, her grandmother recalls the wartime romance that left her torn between two men and haunted by a bone-chilling secret. Now she wants Hope's help in uncovering the truth before it's too late. Filled with colorful characters, The Wedding Tree is an emotionally riveting story about passion, shattered dreams, unexpected renewal and forgiveness-not only for others, but for ourselves. 676 $a813/.6 700 $aWells$b Robin$048684 702 $aDukehart$b Cris$4nrt 702 $aHuber$b Hillary$4nrt 702 $aSummerer$b Eric Michael$4nrt 906 $aAUDIO 912 $a9910164243103321 996 $aWedding Tree$93599410 997 $aUNINA